000 00892nam a22002531u 4500
001 04981
003 HDC
007 cr bn ---
008 210118p my go d 00 mayg
040 _aHDC
110 _aDepartment of Livestock Development
245 0 _aThailand Halal Certification and Standard /
_cby Surayuth Songsumud
260 _a[No Place] :
_b[publisher not identified],
_c[no year]
300 _a17 pages :
_billustrations
336 _atext
_2rdacontent
337 _acomputer
_2rdamedia
338 _aonline resource
_2rdacarrier
650 _aHalal food industry
_xCertification
_zThailand
_9431
650 _aHalal food
_950
856 _zRequest full-text at [email protected]
942 _2lcc
942 _cSLIDE
942 _kSLID 000558
999 _c2305
_d2305